000 01240cam a2200337 4500
001 ##L134862
002 ##8181
008 060907n2005 000 0 eng u
020 _a0415338360
035 _a(Sirsi) u134862
041 0 _aeng
050 0 4 _a711.1 $2 18
100 1 _aGlasson, John
245 0 0 _aIntroduction to environmental impact assessment
250 _a3rd ed.
260 _aAbingdon
_bRoutledge
_c2005
300 _axix, 423p.
_c24cm.
350 _a65
490 0 _aRoutledge Natural and Built Environment Series
520 _aProvides comprehensive guidance on all aspects of Environmental Impact Assessments (EIAs). Has been updated to include information on the implementation of the revised EC and UK Directive on EIAs, a new case studies section and EIA best practice.
520 _aSupersedes second edition (ISBN 1857289455)
590 _aIKA171006
650 2 4 _aDIRECTIVE 85/337/EEC
650 2 4 _aDIRECTIVE 97/11/EC
650 2 4 _aDIRECTIVE 2001/42/EC
651 4 _aUnited Kingdom
_y
690 _aENVIRONMENTAL AND LAND CONSULTANCY-ENVIRONMENTAL MANAGEMENT-ENVIRONMENTAL ASSESSMENT-ENVIRONMENTAL IMPACT ASSESSMENT
700 1 _aTherival, Riki
700 1 _aChadwick, Andrew
942 _n0
999 _c105824
_d105824